| 000 | 00576cam a2200217u 4500 | ||
|---|---|---|---|
| 999 |
_c5440 _d5440 |
||
| 001 | 8432614 | ||
| 003 | GBCCL | ||
| 005 | 20241126110542.0 | ||
| 008 | 820519s1961 wiu 000 0 eng | ||
| 010 | _a 61013937 | ||
| 040 |
_aDLC _cCarP _dDLC |
||
| 050 | 0 | 0 |
_aGN407 _b.S5 |
| 082 |
_a394.16 _bSIM |
||
| 100 | 1 |
_aSimoons, Frederick J. _99777 |
|
| 245 | 1 | 0 | _aEat not this flesh, |
| 260 |
_aMadison, _bUniversity of Wisconsin Press, _c1961. |
||
| 650 | 0 |
_aFood habits. _99778 |
|
| 650 | 0 |
_aMeat. _99779 |
|
| 906 |
_a0 _bcbc _cpremunv _du _encip _f19 _gy-gencatlg |
||
| 942 |
_2ddc _cBK |
||